MARC
|
|
|
|
| LEADER |
00000nam0a2200000 4500 |
| 001 |
270377 |
| 005 |
20231101234335.0 |
| 035 |
|
|
|a (RuTPU)RU\TPU\book\293558
|
| 090 |
|
|
|a 270377
|
| 100 |
|
|
|a 20140926d1987 k y0rusy50 ca
|
| 101 |
0 |
|
|a rus
|
| 102 |
|
|
|a RU
|
| 105 |
|
|
|a a z 001zy
|
| 200 |
1 |
|
|a Геохимия рудоносных кор выветривания
|f Ю. А. Бурмин
|
| 210 |
|
|
|a Москва
|c Недра
|d 1987
|
| 215 |
|
|
|a 228 с.
|c ил.
|
| 320 |
|
|
|a Библиогр.: с. 226-227
|
| 606 |
1 |
|
|a Кора выветривания
|2 stltpush
|3 (RuTPU)RU\TPU\subj\15681
|9 41899
|
| 610 |
1 |
|
|a геохимия
|
| 610 |
1 |
|
|a рудоносность
|
| 610 |
1 |
|
|a полезные ископаемые
|
| 610 |
1 |
|
|a месторождения
|
| 610 |
1 |
|
|a формирование
|
| 610 |
1 |
|
|a геохимические ореолы
|
| 610 |
1 |
|
|a возраст
|
| 675 |
|
|
|a 553.068
|v 4
|
| 700 |
|
1 |
|a Бурмин
|b Ю. А.
|g Юрий Алексеевич
|
| 801 |
|
1 |
|a RU
|b 63413507
|c 20140926
|
| 801 |
|
2 |
|a RU
|b 63413507
|c 20170307
|g RCR
|
| 942 |
|
|
|c BK
|